Random Facts #3 - Statistics

General Stats
  • This quiz has been taken 18 times
  • The average score is 6 of 9
Answer Stats
Hint Answer % Correct
What is 5x31? 155
100%
Which country has the biggest population? China
93%
Which ocean does California border? Pacific Ocean
87%
What year did the USA win independence? 1776
80%
Who uses lightsabers? The Jedi
73%
What mountain range is also the name of an MLB team? The Rockies
67%
Who was the 17th president of the USA? Andrew Johnson
53%
Who won the 2002 Superbowl? Tamba Bay Buccaneers
20%
Which player led the MLB in Home Runs in 2017? Giancarlo Stanton
13%
No matching quizzes found
Score Distribution
Percent of People with Each Score
Percentile by Number Answered
Your Score History
You have not taken this quiz